[Event "Primorsko Dyuni op 1st"]
[Site "Primorsko"]
[Date "2016.05.23"]
[Round "6"]
[White "Stoyanov, Stoyan"]
[Black "Ivanov, Iliyan"]
[Result "1-0"]
[WhiteElo "1914"]
[BlackElo "1521"]
[PlyCount "41"]
[EventDate "2016.05.21"]
[EventType "swiss"]
[EventRounds "7"]
[EventCountry "BUL"]
[SourceTitle "CBM 172 Extra"]
[Source "ChessBase"]
[SourceDate "2016.06.21"]
[SourceVersion "1"]
[SourceVersionDate "2016.06.21"]
[SourceQuality "1"]

1. e4 e5 2. Nf3 Nc6 3. Bb5 f5 4. Nc3 fxe4 5. Nxe4 Nf6 6. d3 d5 7. Nxf6+ Qxf6 8. Bg5 Qd6 9. 0-0 Bg4 10. h3 Bh5 11. g4 Bg6 12. Nxe5 Qxe5 13. Re1 Be4 14. Bh4 Bc5 15. dxe4 dxe4 16. Bxc6+ bxc6 17. Qf3 e3 18. Rxe3 Bxe3 19. Re1 Rf8 20. Rxe3 Qxe3 21. Qxe3+ 1-0

[Event "Primorsko Dyuni op 1st"]
[Site "Primorsko"]
[Date "2016.05.22"]
[Round "4"]
[White "Genova, Liubka"]
[Black "Stoyanov, Stoyan"]
[Result "1-0"]
[WhiteElo "2193"]
[BlackElo "1914"]
[PlyCount "77"]
[EventDate "2016.05.21"]
[EventType "swiss"]
[EventRounds "7"]
[EventCountry "BUL"]
[SourceTitle "CBM 172 Extra"]
[Source "ChessBase"]
[SourceDate "2016.06.21"]
[SourceVersion "1"]
[SourceVersionDate "2016.06.21"]
[SourceQuality "1"]

1. b3 d5 2. Bb2 Bf5 3. Nf3 Nc6 4. e3 e6 5. Be2 Nf6 6. 0-0 Bd6 7. a3 e5 8. c4 Qe7 9. cxd5 Nxd5 10. d3 Bg6 11. b4 f5 12. b5 Nd8 13. Nbd2 e4 14. dxe4 fxe4 15. Nd4 0-0 16. Nc4 Nf7 17. Nxd6 Qxd6 18. Nb3 Rad8 19. Qd4 Qf6 20. Qxf6 Nxf6 21. Rfc1 Rd7 22. Rc2 Nd6 23. Rac1 Nd5 24. Be5 Nf7 25. Bxc7 Nxc7 26. Rxc7 Rfd8 27. Rxd7 Rxd7 28. Rc8+ Nd8 29. Nd4 Kf7 30. h4 Ke7 31. Bg4 Rd5 32. Ra8 Be8 33. a4 h5 34. Bh3 a6 35. bxa6 bxa6 36. Rxa6 g5 37. Nf5+ Kf8 38. hxg5 Bd7 39. Rf6+ 1-0

[Event "Stara Zagora Beroe op 2nd"]
[Site "Stara Zagora"]
[Date "2016.02.20"]
[Round "3"]
[White "Banev, Simeon"]
[Black "Stoyanov, Stoyan"]
[Result "0-1"]
[WhiteElo "1420"]
[BlackElo "1986"]
[PlyCount "52"]
[EventDate "2016.02.20"]
[EventType "swiss"]
[EventRounds "6"]
[EventCountry "BUL"]
[SourceTitle "CBM 171 Extra"]
[Source "ChessBase"]
[SourceDate "2016.04.26"]
[SourceVersion "1"]
[SourceVersionDate "2016.04.26"]
[SourceQuality "1"]

1. d4 g6 2. Bf4 Bg7 3. c3 d6 4. e4 Nf6 5. Nd2 c5 6. Ngf3 0-0 7. Bd3 cxd4 8. Nxd4 e5 9. Bxe5 dxe5 10. N4f3 Nc6 11. Nc4 Bg4 12. Be2 Bxf3 13. Bxf3 Qxd1+ 14. Rxd1 Rfd8 15. 0-0 Bf8 16. Ne3 Bc5 17. Nc4 b5 18. Nd2 Kf8 19. Nb3 Bb6 20. Rd2 Rxd2 21. Nxd2 Rd8 22. Rd1 Ke7 23. c4 a6 24. cxb5 axb5 25. b3 Nd4 26. Nb1 Nxf3+ 0-1

[Event "BUL-ch Veterans"]
[Site "Sofia"]
[Date "2007.05.09"]
[Round "5"]
[White "Stoyanov, Stoyan"]
[Black "Andreev, Dobrotich"]
[Result "0-1"]
[WhiteElo "2185"]
[BlackElo "2110"]
[PlyCount "90"]
[EventDate "2007.05.05"]
[EventType "swiss"]
[EventRounds "7"]
[EventCountry "BUL"]
[SourceTitle "CBM 118 Extra"]
[Source "ChessBase"]
[SourceDate "2007.07.04"]
[SourceVersion "1"]
[SourceVersionDate "2007.07.04"]
[SourceQuality "1"]

1. e4 c6 2. d4 d5 3. e5 Bf5 4. Nf3 e6 5. c3 Qb6 6. Be2 Ne7 7. 0-0 h5 8. Nh4 g6 9. Na3 Nd7 10. b4 a5 11. b5 c5 12. Be3 c4 13. Bxc4 Nc8 14. Nxf5 gxf5 15. Nc2 dxc4 16. d5 Qxb5 17. dxe6 fxe6 18. Rb1 Qa6 19. Nd4 Na7 20. Bg5 Nc5 21. Bf6 Rh7 22. Qf3 Be7 23. Nxf5 exf5 24. Qxf5 Rf7 25. Qxh5 Qe6 26. Qh8+ Rf8 27. Qh5+ Kd7 28. Rfd1+ Kc7 29. Bg7 Rf7 30. Bf6 Nc6 31. f4 Rxf6 32. exf6 Qe3+ 33. Kh1 Ne4 34. Rb2 Rd8 35. Rdb1 Nf2+ 36. Rxf2 Qxf2 37. fxe7 Rd2 38. Qg5 Re2 39. h3 Rxe7 40. a4 Qc2 41. Qb5 Kb8 42. f5 Qxc3 43. Qxc6 Re1+ 44. Kh2 Qe5+ 45. g3 Rxb1 0-1

[Event "BUL-ch Veterans"]
[Site "Sofia"]
[Date "2007.05.06"]
[Round "2"]
[White "Ljangov, Petar"]
[Black "Stoyanov, Stoyan"]
[Result "0-1"]
[WhiteElo "2134"]
[BlackElo "2185"]
[PlyCount "112"]
[EventDate "2007.05.05"]
[EventType "swiss"]
[EventRounds "7"]
[EventCountry "BUL"]
[SourceTitle "CBM 118 Extra"]
[Source "ChessBase"]
[SourceDate "2007.07.04"]
[SourceVersion "1"]
[SourceVersionDate "2007.07.04"]
[SourceQuality "1"]

1. Nf3 d5 2. e3 g6 3. c4 Nf6 4. b3 Bg7 5. Bb2 c6 6. Qc2 0-0 7. d3 Na6 8. a3 Bf5 9. Nbd2 Rc8 10. Be2 Nc5 11. Rd1 b5 12. cxb5 cxb5 13. Qb1 a5 14. 0-0 b4 15. a4 Qb6 16. Rfe1 Rfe8 17. Rc1 Qd6 18. Be5 Qd7 19. Nd4 Ng4 20. Bxg7 Kxg7 21. h3 Nf6 22. N2f3 e5 23. Nxf5+ Qxf5 24. d4 Qxb1 25. Rxb1 exd4 26. Nxd4 Nfe4 27. Bb5 Rf8 28. Rb2 Nc3 29. Bf1 Rfe8 30. Ra1 Re7 31. Be2 N5e4 32. Bf3 Rec7 33. Kh2 h5 34. h4 Kh6 35. Rc2 Rc5 36. Rac1 Nxa4 37. Bxe4 dxe4 38. bxa4 Rxc2 39. Rxc2 Rxc2 40. Nxc2 b3 41. Na3 f6 42. Kg1 g5 43. Kf1 gxh4 44. Ke2 Kg5 45. Nc4 h3 46. gxh3 Kh4 47. Kd2 Kxh3 48. Nxa5 b2 49. Kc2 Kg2 50. Nc4 h4 51. Nd6 h3 52. Nxe4 h2 53. Ng3 Kxf2 54. Nh1+ Kg2 55. a5 Kxh1 56. a6 Kg1 0-1

[Event "Paris op"]
[Site "Paris"]
[Date "1998.??.??"]
[Round "1"]
[White "Stoyanov, Stoyan"]
[Black "Hagege, Gerard"]
[Result "0-1"]
[WhiteElo "2060"]
[BlackElo "2195"]
[PlyCount "82"]
[EventDate "1998.07.??"]
[EventType "swiss"]
[EventRounds "9"]
[EventCountry "FRA"]
[SourceTitle "EXT 2000"]
[Source "ChessBase"]
[SourceDate "1999.11.16"]
[SourceVersion "1"]
[SourceVersionDate "1999.11.16"]
[SourceQuality "1"]

1. e4 c5 2. Nf3 e6 3. d4 cxd4 4. Nxd4 Nf6 5. Nc3 Nc6 6. Bg5 Qb6 7. Ndb5 a6 8. Be3 Qa5 9. Nd4 Nxe4 10. Nb3 Nxc3 11. Qd2 Qe5 12. bxc3 b5 13. f4 Qc7 14. Be2 d5 15. 0-0 Na5 16. f5 Bd6 17. Nxa5 Qxa5 18. Qd4 Qc7 19. Qxg7 Bxh2+ 20. Kh1 Rf8 21. Bh6 Bd6 22. Qxh7 e5 23. Bxf8 Bxf8 24. Bh5 Bb7 25. Rae1 e4 26. Qg8 0-0-0 27. Qxf7 Qg3 28. Qe6+ Kb8 29. f6 Bc8 30. Qb6+ Ka8 31. Qf2 Qg5 32. g4 Bd6 33. f7 Rh8 34. Re3 Kb7 35. f8Q Rxf8 36. Qg2 Rxf1+ 37. Qxf1 Qxe3 38. Qf7+ Kb6 39. Qf6 Qh3+ 40. Kg1 Kc7 41. Qg7+ Bd7 0-1